00936nam a22002537a 4500999001300000001000500013003000900018005001700027008004100044020001500085040002800100082001800128245011400146250001200260260005500272300004600327504004100373650003500414650005300449700002300502700002900525942001200554952011600566 c476d4761699BD-DhUAP20200122154612.0200122s1996 ii a b 000 0 eng  a0135044405 aDLCcDLCdBD-DhUAPbEng00223a174.4 ETH00aEthical issues in business :ba philosophical approach /cedited by Thomas Donaldson and Patricia H. Werhane. a5th ed. aUpper Saddle River, N.J. :bPrentice Hall,cc1996. axii, 516 pages :billustrations ;c23 cm. aIncludes bibliographical references. 0aBusiness ethicsxCase studies. 0aSocial responsibility of businessxCase studies.1 aDonaldson, Thomas.1 aWerhane, Patricia Hogue. 2ddccBK 00102ddc4070aUAPCLbUAPCLcGeneral Stacksd2020-01-22o174.4 ETHp3010001699r2020-01-22t1w2020-01-22yBK